000 00608nam a22002057a 4500
001 114200
003 DR-UNIBE
005 20251204151132.0
008 251201b2004 dr ||||| |||| 00| 0 spa d
040 _aBIBLIOTECA UNIBE
_cBIBLIOTECA UNIBE
_erda
041 _aspa
082 _aF-RD 6011
100 1 _aCedeño C., Luis Conrado,
_d1938-
_eautor
_9200643
245 1 3 _aEl juez apostó a más /
_cLuis Conrado Cedeño C.
260 _aSanto Domingo :
_bEditora Ortega,
_c2004
300 _a44 páginas
650 7 _2lemb
_aNovela dominicana
650 7 _2lemb
_aLiteratura dominicana
942 _2ddc
_cMX
999 _c114247
_d114247